000
00309nam a2200121Ia 4500
008
190216s9999||||xx |||||||||||||| ||und||
100
_a
Vijayan N
245
0
_a
Adunikayugattile Viplavangal
260
_b
Kerala Bhasha Institute
_c
1972
300
_a
341p
650
_a
Indian History-Modern India
942
_c
BK
999
_c
37820
_d
37820